000 00946ngm a22003490a 4500
001 PT28325
003 AR-LpoUNG
005 20210202000420.0
007 vd cvaizq
008 191001s2006||||sp |||||||||||||||||spa d
037 _c$7.80
040 _aAR-LpoUNG
_bspa
_cAR-LpoUNG
_eaacr
041 _aspa
044 _asp
082 0 _a306.36 277dem
100 1 _aMangone, Marcelo
_edir.
245 1 3 _aLa demolición
260 _aBarcelona :
_bSturdis pictures,
_c2006.
300 _aDVD (90 min.) : son., col.
520 _aBasada en una obra teatral, cuenta la historia de un hombre obstinado en defender su empresa y otro que llega con la misión de demolerla.
650 4 _aARGENTINA
650 4 _aCONDICIONES DE TRABAJO
650 4 _aDESEMPLEO
650 4 _aTRABAJO
651 4 _aArgentina
653 _aCINE ARGENTINO
653 _aCOMEDIA
653 _aDVD
653 _aVIDEOS
905 _a28325
942 _cDVD
999 _c54815
_d54815